Statistiken für Deutsche Immigration nach Land

Klicken Sie hier um das Quiz zu spielen!

Allgemein

  • Dieses Quiz wurde 1,907 mal gespielt
  • Das Durchschnittsergebnis liegt bei 17 aus 21

Antwortstatistiken

# Personen Ursprungsland % Korrekt
1,476,410Türkei
98%
860,145Polen
96%
254,325Russland
94%
643,530Italien
93%
176,020Spanien
89%
745,645Syrien
89%
140,900Frankreich
89%
187,370Österreich
88%
363,205Griechenland
80%
231,230Serbien
78%
151,260Niederlande
78%
395,665Kroatien
77%
143,135China
77%
696,780Rumänien
75%
141,350Ukraine
74%
138,890Portugal
74%
337,015Bulgarien
72%
247,800Irak
71%
190,495Bosnien und Herzegowina
68%
212,360Ungarn
66%
257,110Afghanistan
62%

Verteilung der Resultate

Perzentil nach korrekt beantworteten Fragen

Anzahl Personen mit jedem Resultat

Ihre Resultats-Entwicklung

Sie haben dieses Quiz noch nicht gespielt